Animated Movies by Picture - E - Statistics

General Stats
  • This quiz has been taken 472 times
  • The average score is 5 of 12
Answer Stats
Picture Answer % Correct
Encanto
97%
The Emoji Movie
91%
Elemental
86%
The Emperor’s New Groove
73%
Epic
35%
Evangelion: 1.0 You Are (Not) Alone
26%
Early Man
24%
Eight Crazy Nights
17%
Earwig and the Witch
11%
Ernest & Celestine
11%
Entergalactic
9%
Escape from Planet Earth
8%
No matching quizzes found
Score Distribution
Percent of People with Each Score
Percentile by Number Answered
Your Score History
You have not taken this quiz